000
00345cam a2200145ua 4500
041
_a
eng
_h
082
_a
824
_b
SAM/LT
100
_a
Samuel, M.S .
245
_a
Living english /
_c
Samuel.
_h
Textual Documents
260
_a
:
_b
MacMillan and Company Limited ,
_c
1967.
300
_a
160 ; .
504
_a
942
_c
BK
999
_c
11794
_d
11794